000 00551pab a2200193 454500
008 180718b2017 xxu||||| |||| 00| 0 eng d
100 _aSturgess, Gary L.
245 _aCommissioning human services: lessons from Australian convict contracting
260 _c2017
300 _ap.457-69.
362 _aDec
650 _aContracting
650 _aPublic service delivery
650 _aPublic administration
700 _aRahman, Sara
700 _aArgyrous, George
773 _aAustralian Journal of Public Administration
909 _a117203
999 _c117197
_d117197